000 00976nam a2200265 i 4500
001 bg
100 1 _aBEREŻNICKA, Joanna
245 1 0 _aPlan roczny przedsiębiorstwa (gospodarstwa) rolniczego :
_bmateriały do ćwiczeń z ekonomiki i organizacji gospodarstw rolniczych /
_cJoanna Bereżnicka ; Szkoła Główna Gospodarstwa Wiejskiego w Warszawie.
260 _aWarszawa :
_bWydaw. SGGW,
_c1997.
300 _a67, [1] s. ;
_c29 cm.
504 _aBibliogr. s. [68].
521 _aDla studentów Wydz. Ekonomiczno-Rolniczego.
650 9 _aGospodarstwo rolne
_xekonomika
650 9 _aGospodarstwo rolne
_xorganizacja
655 _aPodręczniki akademickie
711 2 _aSzkoła Główna Gospodarstwa Wiejskiego (Warszawa)
020 _a8300030786
040 _cBPK
041 0 _apl
080 _a631.1(075.8)(076)
920 _a83-00-03078-6
942 _cKS
008 s pl f |000 0 pol
999 _c38945
_d38945
856 _uhttp://koha.tu.koszalin.pl/cgi-bin/koha/opac-detail.pl?biblionumber=38945
_yKatalog online BPK